<?xml version="1.0" encoding="UTF-8"?>
<marc:record xmlns:marc="http://www.loc.gov/MARC21/slim">
   <marc:leader>00000nam a2200000 a 4500</marc:leader>
   <marc:datafield ind1="1" ind2=" " tag="100">
      <marc:subfield code="a">Correll, Thomas</marc:subfield>
      <marc:subfield code="4">aut</marc:subfield>
      <marc:subfield code="e">Verfasser/-in</marc:subfield>
   </marc:datafield>
   <marc:datafield ind1=" " ind2=" " tag="653">
      <marc:subfield code="a">Katharina von Bora</marc:subfield>
   </marc:datafield>
   <marc:datafield ind1=" " ind2=" " tag="653">
      <marc:subfield code="a">Reformationszeit</marc:subfield>
   </marc:datafield>
   <marc:datafield ind1=" " ind2=" " tag="653">
      <marc:subfield code="a">Lutherjahr</marc:subfield>
   </marc:datafield>
   <marc:datafield ind1=" " ind2=" " tag="653">
      <marc:subfield code="a">Mittelalter</marc:subfield>
   </marc:datafield>
   <marc:datafield ind1=" " ind2=" " tag="653">
      <marc:subfield code="a">Martin Luther</marc:subfield>
   </marc:datafield>
   <marc:datafield ind1=" " ind2=" " tag="653">
      <marc:subfield code="a">Trinken/Sonstiges</marc:subfield>
   </marc:datafield>
   <marc:datafield ind1="0" ind2="0" tag="245">
      <marc:subfield code="a">Kochen im Hause Luther</marc:subfield>
   </marc:datafield>
   <marc:datafield ind1="0" ind2="0" tag="245">
      <marc:subfield code="b">Katharina von Bora und die Esskultur der Reformationszeit</marc:subfield>
   </marc:datafield>
   <marc:datafield ind1="0" ind2="0" tag="245">
      <marc:subfield code="c">Thomas Correll</marc:subfield>
   </marc:datafield>
   <marc:datafield ind1=" " ind2="1" tag="264">
      <marc:subfield code="a">Berlin</marc:subfield>
      <marc:subfield code="b">Autumnus Verlag</marc:subfield>
   </marc:datafield>
   <marc:datafield ind1="1" ind2=" " tag="490">
      <marc:subfield code="a">Reihe Geschichte für Genießer</marc:subfield>
   </marc:datafield>
   <marc:datafield ind1=" " ind2=" " tag="250">
      <marc:subfield code="a">Originalausgabe</marc:subfield>
   </marc:datafield>
   <marc:datafield ind1="1" ind2=" " tag="520">
      <marc:subfield code="a">Angaben aus der Verlagsmeldung

Geschichte für Genießer : Katharina von Bora und die Esskultur der Reformationszeit / von Thomas Correll

Die Biographie Katharina von Boras ist in mancherlei Hinsicht untypisch für das ausgehende Mittelalter. Eine starke Frau, die ihre Lebensentscheidungen selbst trifft, und die es verdient hat, im Rückblick neben ihrem Mann Martin Luther zu stehen, nicht in seinem Schatten. Katharina von Bora war Luther in theologischen Fragen ein wichtiger Partner. Jedoch – und hier gleicht sie den Frauen ihrer Zeit – kümmerte sie sich auch um die Kinder und die Küche, führte einen stetig wachsenden Haushalt. Sie kochte nicht nur, sie pflanzte und braute, sie erntete und organisierte. So ist es nur folgerichtig, dass neben Katharinas Leben und Schaffen die Esskultur der Reformationszeit Thema dieses Buchs ist. Eine Esskultur, die verwurzelt ist im Wandel der Jahreszeiten, im Kirchenkalender, auch in der straffen Hierarchie der damaligen Gesellschaft. Essen und Trinken gehört eben nicht nur zu den Grundbedürfnissen, es gibt seit jeher auch Aufschluss über die Lebensverhältnisse und die Umgangsformen der Menschen. Abgerundet wird dieses Buch mit Kochrezepten für Gerichte, die nicht nur gut schmecken, sondern auch in der Reformationszeit, der Zeit Katharina von Boras, so gekocht wurden. Das hier ist kein trockener Historiker-Schinken, sondern ein lebendiges Potpourri aus Kochen, Wissen und Genießen.
</marc:subfield>
   </marc:datafield>
   <marc:datafield ind1=" " ind2=" " tag="020">
      <marc:subfield code="a">9783944382197</marc:subfield>
      <marc:subfield code="9">9783944382197</marc:subfield>
   </marc:datafield>
   <marc:datafield ind1=" " ind2=" " tag="041">
      <marc:subfield code="a">ger</marc:subfield>
   </marc:datafield>
   <marc:datafield ind1=" " ind2=" " tag="300">
      <marc:subfield code="a">159 Seiten</marc:subfield>
   </marc:datafield>
</marc:record>
